Hodvábne cukríky

Bibliographic Details
Main Author: Križanová-Brindzová, Helena, 1922-1990 (Author)
Other Authors: Cesnak, Jozef, 1936-2021 (gup)
Format: Article
Language:Slovak
Subjects:

MARC

LEADER 00000nab a2200000 a 4500
001 vtls000216790
003 SK-MaSNL
005 20260303205608.0
008 111130c1985 xo 0 slo
015 |a SNBRB19rr/mm-uuuuu 
035 |a CL0226904 
040 |a SNKBUCL  |b slo  |c SNKBUCL  |e AACR2 
041 0 |a slo 
044 |a xo  |c SK 
080 |a 885.4-3(087.5)  |2 1981 
100 1 |a Križanová-Brindzová, Helena,  |d 1922-1990  |4 aut  |9 87463 
245 1 0 |a Hodvábne cukríky  |c Helena Križanová-Brindzová ; Jozef Cesnak 
500 |a V rubrike Meduška vám nazbierala. 
650 0 7 |a poviedky vojnové  |2 snkbucl  |9 900744 
655 7 |a články z novín a časopisov  |2 snkbucl  |9 267496 
655 7 |a články z odboru literárna veda a krásna literatúra  |2 snkbucl  |9 770045 
700 1 |a Cesnak, Jozef,  |d 1936-2021  |4 gup  |9 218934 
773 0 |t Včielka  |g Roč. 27, č. 18 (1985), s. 6-7 
850 |a Slovenská národná knižnica v Martine  |a MTA001 
852 |a SNK  |b KIS3GCP 
958 |a RK 
958 |a LX 
992 |a RBX 
999 |c 2196161  |d 2198091